生活是無以名狀的碎片

資料類型: Book 圖書   書目號:56186

Leader xxxxxxxxxx
001 __ PCLIS00056186
005 __ 20221118085608.0
010 0_ |a978-957-33-3926-7|b平裝|dNT$399
100 __ |a20221028d2022    m  y0chiy09      e
101 0_ |achi
102 __ |atw
105 __ |aa   z   000cy
200 1_ |a生活是無以名狀的碎片|f不朽作
205 __ |a初版
210 __ |a臺北市|c皇冠文化|d2022.08[民111]
215 0_ |a383面|c|d19公分
225 1_ |a皇冠叢書|v第5041種
225 2_ |a不朽作品集|v2
300 __ |a封面英文題名: Silhouetted fragments
306 __ |a2022年八刷
410 _1 |12001 |a不朽作品集|v2
517 1_ |aSilhouetted fragments|zeng
606 __ |2cst|a散文
681 __ |a855|b835
700 _0 |a不朽|4801 _0 |atw|b內湖高中|c20221028|gCCR
詳細館藏(共 1 筆)
索 書 號登 錄 號冊次號館別 / 館藏地流通類型狀態加入預約清單電子資源
855 / 835 1027573  圖書館 / 一樓展示區 可外借30天 在館   

| 條列資料




目錄查詢 分類查詢 個人資料 圖書薦購 新書查詢 閉館日 排行榜 更多電子資源 Hami書城 線上資料庫 登出

From : 216.73.217.87

  本日流通累計至 04:15:14 借閱 : 0 次 續借 : 0 次 歸還 : 0 次 預約 : 0 次 電子資源 : 0 次


內湖高中圖書館  PCLIS 版本  26.5.0.12